Loading...
| History - European | 3 | 5 | 1 | 2 | 90 | 70 | 106.88 | 2 | 4 | 0.00 | 0.00 |
| History - Other | 0 | 8 | 3 | 2 | 65 | 77 | 112.50 | 0 | 3 | 0.00 | 0.00 |
| History - World | 1 | 5 | 2 | 1 | 55 | 61 | 107.33 | 1 | 2 | 0.00 | 0.00 |
| Literature - European | 0 | 5 | 0 | 1 | 50 | 85 | 114.40 | 0 | 3 | 0.00 | 0.00 |
| Social Science | 2 | 2 | 2 | 0 | 40 | 59 | 79.50 | 2 | 4 | 0.00 | 0.00 |
| Geography | 1 | 2 | 0 | 1 | 35 | 27 | 90.33 | 1 | 1 | 0.00 | 0.00 |
| Philosophy | 1 | 2 | 1 | 0 | 30 | 54 | 100.33 | 1 | 2 | 0.00 | 0.00 |
| Literature - World | 0 | 3 | 1 | 0 | 25 | 106 | 107.33 | 1 | 2 | 0.00 | 0.00 |
| History - US | 1 | 1 | 1 | 0 | 20 | 66 | 81.00 | 0 | 2 | 0.00 | 0.00 |
| Literature - British | 0 | 1 | 0 | 0 | 10 | 125 | 125.00 | 0 | 1 | 0.00 | 0.00 |
| Fine Arts - Visual | 1 | 0 | 1 | 0 | 10 | 59 | 59.00 | 1 | 1 | 0.00 | 0.00 |
| Literature - American | 0 | 1 | 0 | 0 | 10 | 140 | 140.00 | 0 | 0 | 0.00 | 0.00 |
| Other Academic | 0 | 1 | 0 | 1 | 10 | 137 | 137.00 | 0 | 0 | 0.00 | 0.00 |
| Science - Biology | 0 | 1 | 0 | 0 | 10 | 85 | 85.00 | 1 | 1 | 0.00 | 0.00 |
| Science - Other | 0 | 1 | 0 | 0 | 10 | 101 | 101.00 | 0 | 0 | 0.00 | 0.00 |
| Beliefs | 0 | 2 | 4 | 0 | 0 | 138 | 139.00 | 0 | 1 | 0.00 | 0.00 |